Top 10 Eurosceptic Countries in the European Union - Statistics

General Stats
  • This quiz has been taken 183 times
  • The average score is 8 of 10
Answer Stats
Country % Correct
France
88%
Italy
86%
Greece
84%
Croatia
77%
Austria
75%
Romania
74%
Bulgaria
72%
Slovenia
72%
Czech Republic
71%
Finland
70%
No matching quizzes found
Score Distribution
Percent of People with Each Score
Percentile by Number Answered
Your Score History
You have not taken this quiz